|
|
|
|
| LEADER |
00000nam0a2200000 4500 |
| 001 |
158553 |
| 005 |
20231031154449.0 |
| 010 |
|
|
|a 9785699237203
|b (в пер.)
|b 10100 экз.
|
| 021 |
|
|
|a RU
|b 07-85153
|9 07-4593
|
| 035 |
|
|
|a (RuTPU)RU\TPU\book\171961
|
| 090 |
|
|
|a 158553
|
| 100 |
|
|
|a 20090424d2008 m y0rusy5002 ca
|
| 101 |
0 |
|
|a rus
|
| 102 |
|
|
|a RU
|
| 105 |
|
|
|a y z 000ay
|
| 200 |
1 |
|
|a Муж, жена, любовница
|e [роман]
|f О. Ю. Рой
|
| 210 |
|
|
|a Москва
|c Эксмо
|d 2008
|
| 215 |
|
|
|a 347 с.
|
| 225 |
1 |
|
|a Капризы судьбы
|
| 330 |
|
|
|a Маскарад в королевском замке Амбуаз на берегу Луары, устроенный для туристов из разных стран, был в самом разгаре, когда к Юлии Земцовой подошел официант и протянул плотный белый конверт. Она подумала, что это очередная просьба сфотографироваться с ней, королевой бала, на память. Если бы знала Юлия, что содержит этот конверт, никогда не открывала бы! Содержимое его круто изменило жизнь, заставило судьбу течь совершенно по другому руслу...
|
| 606 |
0 |
|
|a Приключенческие романы и рассказы (х. л.)
|2 stltpush
|
| 610 |
1 |
|
|a русская литература
|
| 610 |
1 |
|
|a романы
|
| 610 |
1 |
|
|a приключения
|
| 610 |
1 |
|
|a детективы
|
| 675 |
|
|
|a Р2
|v 3
|
| 700 |
|
1 |
|a Рой
|b О. Ю.
|g Олег Юрьевич
|
| 801 |
|
0 |
|a RU
|b 63413507
|c 20080116
|g PSBO
|
| 801 |
|
1 |
|a RU
|b 63413507
|c 20090424
|g PSBO
|
| 801 |
|
2 |
|a RU
|b 63413507
|c 20090506
|g PSBO
|
| 830 |
|
|
|a <b><br /> <b>Рой О. Ю.</b> Муж, жена, любовница / Олег Рой. - М. : Эксмо, 2007. - 346, [1] с. : ил.; 20 см. - (Капризы судьбы). - 10100 экз. - ISBN 978-5-699-23720-3 (в пер.). - [07-85153]<br /> - - 1. Приключенческие романы и рассказы (х. л.). </p><p style='text-align:right'>УДК 821.161.1-31 <br />ББК 84(2Рос=Рус)6-44 </p>
|
| 942 |
|
|
|c BK
|